Geography Quiz

Random Geography or State Quiz
Score 0/18 Timer 05:00
12 Plays Today
Hint Answer % Correct
The only one of the Great Lakes to be located entirely in the U.S.Lake Michigan
94.4%
Southern state nicknamed the Magnolia StateMississippi
92.2%
Florida city with a plurality of Cuban inhabitantsMiami
91.7%
Midwestern state nicknamed the Show Me StateMissouri
90.8%
New England's most populous state, nicknamed the Bay StateMassachusetts
90.7%
Easternmost contiguous US StateMaine
88.7%
United States bordering countryMexico
88.7%
The larger of Minnesota's Twin CitiesMinneapolis
86.5%
Mid-Atlantic state nicknamed the Old Line StateMaryland
86.4%
Hint Answer % Correct
Tennessee's second-largest city and home to the NBA's GrizzliesMemphis
85.7%
State capital of AlabamaMontgomery
83%
State capital of VermontMontpelier
76.6%
Arizona's third-largest city which shares its name with a type of landformMesa
72.4%
The former name of Denali, North America's highest peakMount McKinley
67%
George Washington's Virginia plantation homeMount Vernon
55%
Kentucky National Park home to the largest known cave system in the worldMammoth Cave National Park
40.9%
Fort in Baltimore whose siege inspired the Star Spangled BannerFort McHenry
35.7%
Hawaiian island thought to be the birthplace of the Hula Molokai
30.4%
Remove Ads.
Support Sporcle.
Get the best of Sporcle when you Go Orange. This ad-free experience offers more features, more stats, and more fun while also helping to support Sporcle. Thank you for becoming a member.

You're not logged in!

Compare scores with friends on all Sporcle quizzes.
OR
Log In

Show Comments

Extras

Top Quizzes Today


Score Distribution

Your Account Isn't Verified!

In order to create a playlist on Sporcle, you need to verify the email address you used during registration. Go to your Sporcle Settings to finish the process.

Report this User

Report this user for behavior that violates our Community Guidelines.

Details: